000 01092cas a2200313 a 4500
001 000015816
005 20200929164149.0
008 801124c19779999pau x p uu eng d
010 _a87658119
035 _a(OCoLC)ocm06969768
040 _aDO-SdBNP
_cMoU
_dm.c.
_dDLC
_dNST
_dDLC
_dNST
042 _alc
050 0 0 _aAC8
_b.G336
100 1 0 _aGarfield, Eugene.
_935603
245 1 0 _aEssays of an information scientist /
_cby Eugene Garfield.
260 0 0 _aPhiladelphia, Pa. :
_bISI Press,
_cc1977-.
300 _av. :
_bill. ;
_c24 cm.
310 _aIrregular
362 0 _aVol. 1 (1962-1973)-
500 _aConsists chiefly of columns published originally in Current contents under title: Current comments.
590 _aSERBIB/SERLOC merged record
650 2 _aAbstracting and indexing
_xCollected works.
_935604
650 2 _aInformation services
_xCollected works.
_935605
890 _aEssays of an information scientist (Garfield, Eugene)
_i87-658119
910 _aCatalogación derivada
082 0 0 _a081
_219
012 _a13-7-9104111076-p-8707
999 _c15361
_d15361